000 00471nam a2200157 i 4500
001 23609
003 ES-MaACL
005 20230906152914.0
007 t|
008 021211s1961 sp ||||1| spa d
100 1 _aAncel, Alfred.
_9148331
245 1 0 _aTemas sociales
_b: el problema obrero /
_cAlfred Ancel, Monseñor Obispo Auxiliar de Lyon.
260 _aBilbao :
_bDesclée de Brouwer,
_c[1961]
300 _a88 p. ;
_c16 cm.
852 _aES-MaACL
_jC-24709
_bR.50576
999 _c23609
_d23609